Statistics for Best Uber Super Rares in Battle Cats

Click here to take the quiz!

General Stats

  • This quiz has been taken 34 times
  • The average score is 8 of 10

Answer Stats

Answer% Correct
Radiant Aphrodite
88%
Baby Gao
85%
Kasa Jizo
85%
Shadow Gao
85%
Kasli the Bane
81%
Kasli the Scourge
81%
Miko Mitama
73%
Shining Amaterasu
69%
D’arktanyan
65%
D’artanyan
62%

Score Distribution

Percentile by Number Answered

Percent of People with Each Score

Your Score History

You have not taken this quiz